| 000 | 00000nam##2200000za#4500 |
| 001 | 9.639344 |
| 003 | CaOODSP |
| 005 | 20220328113315 |
| 007 | cr ||||||||||| |
| 008 | 150407|2001||||xxc|||||o f|0| 0 fre|d |
| 040 | |aCaOODSP|bfre |
| 043 | |an-cn--- |
| 086 | 1 |aC2-553/2001F-PDF |
| 110 | 1 |aCanada. |bIndustrie Canada. |
| 245 | 10|aPerformance du secteur manufacturier du Canada / |h[ressource électronique]|cpar Po-Chih Lee, Darlene Murphy et Steven Tzeferakos. |
| 260 | |aOttawa - Ontario : |bIndustrie Canada |cMars 2001. |
| 300 | |a82p.|bfigure, graphiques, tableaux |
| 500 | |aLe n° de catalogue (C2-553/2001F) et l'ISBN (0-662-85402-0) de l'édition imprimée ont été incorrectement copiés dans l'édition électronique. |
| 504 | |aBibliographie. |
| 590 | |a11-28-Supp|b2011-11-17 |
| 691 | 07|aIndustrie de transformation|2gcpds |
| 691 | 07|aProductivité|2gcpds |
| 691 | 07|aTravail|2gcpds |
| 691 | 07|aTechnologie industrielle|2gcpds |
| 720 | 1 |aLee, Po-Chih |
| 720 | 1 |aMurphy, Darlene |
| 720 | 1 |aTzeferakos, Steven |
| 775 | 08|tPerformance of Canada's manufacturing sector / |w(CaOODSP)9.695198 |
| 776 | 0#|tPerformance du secteur manufacturier du Canada / |w(CaOODSP)9.681366 |
| 856 | 40|ahttp://publications.gc.ca|qPDF|s421 Ko|uhttps://publications.gc.ca/collections/Collection/C2-553-2001F.pdf |
| 986 | |a53344F |